Регионална библиотека "Любен Каравелов" - Русе

Изобразително изкуство за ІІІ клас (Запис номер 52689)

MARC детайли
000 -Лидер
Контролно поле с фиксирана дължина 01639nam a2200361 c 4500
003 - Код на организацията, давaща контролен номер
Контролно поле BLK
005 - Дата и час на последна редакция
Контролно поле 20210204143650.0
008 - Елементи от данни с фиксирана дължина
fixed length control field 180408b bul|||||r ||||||| ||bul||
010 ## - Наследен системен номер
LC control number KNG00056613000
020 ## - Международен стандартен номер на книга ISBN
Международен стандартен номер на книга ISBN 954-01-1585-Х
040 ## - Източник на каталожния запис
Идентификатор на билиотеката - собственик на записа BLK
041 ## - Код за език
Код за езика на текст/звукозапис или на отделно заглавие Български
Код за езика КДБФ Български
080 ## - УДК
Текстов определител УДК Изобразително изкуство в основното училище
УДК код - определител по УДК 372.875
УДК определител (075.2)
УДК - код + определител 372.875(075.2)
100 1# - Редна дума - Автор
Автор Ангелова, Лучия Малинова
Авторска отговорност първи автор
R(LIN) 284601
139 ## - Редно поле
Редна дума Ангелова, Лучия Малинова и др.
Авторски знак Ан - А 64
245 10 - Сведения за заглавието
Заглавие Изобразително изкуство за ІІІ клас
Редно поле (дума) Лучия Малинова Ангелова; съавт. Пламен Анатолиев Легкоступ.
257 ## - Страна на издаване
Страна на създаване/издаване България
260 ## - Област на издателските данни
Име на издателя, разпространителя и проч. Просвета
Година на издаване 2004
Печатница Русе : Дунав прес
300 ## - Физическа характеристика
Страници 91 с.
Илюстрации и др. с цв. ил.
Размери/Мащаб 29 см
380 ## - Жанр
Жанр Обществени науки
500 ## - Общи забележки
Забележка Авт. не са отбелязани на кор. - Съдържа и Речник за ученика
650 #4 - Допълнително описание по предмет – тема
Основно описание – тема или топоним Изобразително изкуство - учебници за основни училища
9 (RLIN) 254793
653 ## - Ключова дума – ненормативна
Ключова дума рисуване
653 ## - Ключова дума – ненормативна
Ключова дума изобразително изкуство
653 ## - Ключова дума – ненормативна
Ключова дума учебници за основни училища
653 ## - Ключова дума – ненормативна
Ключова дума ІІІ кл.
700 1# - Други автори (авторска отговорност)
Лично име Легкоступ, Пламен Анатолиев
Автороска отговорност (Описва отношението между автора и произведението) съавт.
9 (RLIN) 368790
852 ## - Местоположение
Форматна сигнатура Цб ІІ 13452
856 4# - Електронен адрес и достъп
Електронен формат pdf - файл
856 4# - Електронен адрес и достъп
Електронен формат pdf - файл
999 ## - СИСТЕМНИ КОНТРОЛНИ НОМЕРА
Koha biblionumber 52689
Koha biblioitemnumber 52689
942 ## - АРТИКУЛИ
Вид на библиотечния материал Книги
Скрит в OPAC Не
Периодичен библиозапис Да
944 ## - СЪЗДАВАНЕ И РЕДАКЦИЯ на ЗАПИСА
Създаване/Редакция Създаване
Дата на регистрацията/редакция 15.11.2005
Статус, дата на статуса ф /
Служител, извършил регистрацията/редакцията Людмила_Стоянова
944 ## - СЪЗДАВАНЕ И РЕДАКЦИЯ на ЗАПИСА
Създаване/Редакция Редакция
Дата на регистрацията/редакция 02.02.2011
Статус, дата на статуса ф /
999 ## - СИСТЕМНИ КОНТРОЛНИ НОМЕРА
Koha biblioitemnumber 52689
Наличности
Код за отписване Код за изгубен артикул Код за повреда Коз за рестрикции Код за отдаване Артикулен № Име на библиотеката - собственик Име на библиотеката, в която се намира в момента Статус (Текущо местоположение) Дата на вписване в системата Местоположение - отдел Цена в лева Инвентарен номер Систематично азбучна сигнатура Баркод Номер на екземпляра Цена в евро Служебна бележка Служебен тип на артикула Източник на класификационната схема
  Не е изгубен Не е повреден без рестрикции ползва се в читалня 83010 Регионална библиотека "Любен Каравелов" Русе Регионална библиотека "Любен Каравелов" Русе Хранилище 2005-11-15 Хранилище 5.40 120000698105 Цб ІІ 13452 120000698105 1 2.76 Дост: Dp Вид: Д N: 46 Дата: 03.11.2004 Книги  
  Не е изгубен Не е повреден без рестрикции заемане за дома 83011 Регионална библиотека "Любен Каравелов" Русе Регионална библиотека "Любен Каравелов" Русе Детски отдел 2011-01-28 Детски отдел 5.40 120000748842 ДН 373.3.016/А 64 120000748842 2 2.76 Дост: DA Вид: А N: 1 Дата: 28.01.2011 Дата инв: 21.08.2015 Бележки инв: Д2015 Книги Universal Decimal Classification
Vip Innovations Ltd, Rousse, Bulgaria 2025